书目信息 |
| 题名: |
社会主义再生产和国民收入问题
|
|
| 作者: | 董辅礽 著 | |
| 分册: | ||
| 出版信息: | 北京 生活·读书·新知三联书店 1980.8 |
|
| 页数: | 308页 | |
| 开本: | 21cm | |
| 丛书名: | ||
| 单 册: | ||
| 中图分类: | F048 | |
| 科图分类: | ||
| 主题词: | 社会主义社会--生产方式 | |
| 电子资源: | ||
| ISBN: | ||
| 000 | 00603nam0 2200205 45 | |
| 001 | 0304150828 | |
| 005 | 20040421104822.3 | |
| 010 | @dCNY0.98 | |
| 091 | @a4002.296 | |
| 100 | @a20030415d1980 km y0chiy0120 ea | |
| 101 | 0 | @achi |
| 105 | @a z 000yy | |
| 200 | 1 | @a社会主义再生产和国民收入问题@AShe Hui Zhu Yi Zai Sheng Chan He Guo Min Shou Ru Wen Ti@f董辅礽著@FDong Fu Reng Zhu |
| 210 | @a北京@c生活·读书·新知三联书店@d1980.8 | |
| 215 | @a308页@d21cm | |
| 606 | 0 | @a社会主义社会@x生产方式 |
| 690 | @aF048@v3 | |
| 701 | 0 | @a董辅礽@4著 |
| 801 | @aCN@bTSTC@c20030415 | |
| 905 | @dF048@e16@f1@b48654 | |
| 社会主义再生产和国民收入问题/董辅礽著.-北京:生活·读书·新知三联书店,1980.8 |
| 308页;21cm |
| ISBN :CNY0.98 |
| ● |
| 相关链接 |
|
|
|
|
正题名:社会主义再生产和国民收入问题
索取号:F048/16
 
预约/预借
| 序号 | 登录号 | 条形码 | 馆藏地/架位号 | 状态 | 备注 |
| 1 | 0048652 | 001271180 | 第一样本阅览室/ [索取号:F048/16] | 在馆 | |
| 2 | 0048653 | 001793321 | 密集书库/ [索取号:F048/16] | 在馆 | |
| 3 | 0048654 | 001271082 | 第一借阅区/ [索取号:F048/16] | 在馆 |